[Event "Wch U20"]
[Site "Yerevan"]
[Date "2007.10.08"]
[Round "6"]
[White "Adly, Ahmed"]
[Black "Melkumyan, Hrant"]
[Result "1-0"]
[WhiteElo "2494"]
[BlackElo "2469"]
[Annotator "Adly,A"]
[PlyCount "81"]
[EventDate "2007.10.03"]
[EventType "swiss"]
[EventRounds "13"]
[EventCountry "ARM"]
[SourceTitle "CBM 121"]
[Source "ChessBase"]
[SourceDate "2007.11.14"]
[SourceVersion "1"]
[SourceVersionDate "2007.11.14"]
[SourceQuality "1"]

1. Nf3 Nf6 2. c4 e6 3. g3 d5 4. Bg2 Be7 5. O-O O-O 6. b3 c5 7. d3 Nc6 8. Nc3 d4
9. Na4 e5 10. e4 $146 Ne8 11. Nd2 {Preparing to break open the centre.
Bereitet das Aufhebeln des Zentrums vor.} (11. Ne1 $142 {I played a few days
after the World Junior Championship in the Egyptian cup final and won. spielte
ich ein paar Tage nach der Juniorenweltmeisterschaft im ägyptischen
Pokalfinale und gewann.}) 11... Nc7 12. f4 exf4 13. gxf4 f5 14. e5 {Sometimes
it's dangerous to commit the centre... but here White is disconnecting Black's
pieces on the queenside from the kingside. Manchmal ist es gefährlich, das
Zentrum festzulegen... aber hier schneidet Weiß die schwarzen Figuren am
Damenflügel vom Königsflügel ab.} Nb4 15. Rf3 {Protecting the only weak point
for White on d3 and preparing for an attack on the kingside. Deckt den
einzigen weißen Schwachpunkt auf d3 und bereitet einen Angriff am Königflügel
vor.} b5 (15... g5 16. fxg5 Ne6 17. Nf1 f4 18. Rf2 Bxg5 19. a3 Nc6 20. Bxc6
bxc6 21. Nd2 $13) 16. cxb5 (16. a3 bxa4 17. axb4 Bb7 18. Rxa4 (18. Rg3) 18...
Bxf3 19. Bxf3 cxb4 (19... Rb8 20. b5 $16) 20. Bxa8 Qxa8 21. Qf3 $14) 16... Bb7
17. Rh3 {g7 is unattackable, but h7 is not. g7 ist unangreifbar, aber h7 nicht.
} Bxg2 18. Kxg2 Qd5+ (18... Qe8 $142 {leaving the d5 square for the N on b4.
lässt das Feld d5 für den N auf b4 frei.} 19. Nc4 Nxb5 20. Bd2 $14) 19. Kf2 $1
{Leaving a chance for Rg1 in future:) Ermöglicht in Zukunft ein eventuelles
Rg1:)} Nxb5 (19... Qf7 $142 {this was the only way to defend the kingside.
Dies war die einzige Möglichkeit, den Königsflügel zu verteidigen.} 20. Nc4
Nxb5 21. Bd2 $14) {It is better to get rid of the opponet's attacking pieces
to feel free to attack myself and at the same time proving how bad a move Qd5
was.} 20. a3 $1 {Here I spent 35 min calculating the next 5 moves.} (20. Qh5 h6
21. Bb2 Qf7 $11) 20... Nc3 (20... Nc6 21. Qh5 h6 22. Qg6 $18) 21. Qh5 $1 (21.
Nxc3 $4 dxc3 22. axb4 cxd2 23. Bxd2 cxb4 $15) 21... Nc2 22. Qxh7+ Kf7 23. Rg3 {
At this point both of us had 3 minutes left. An diesem Punkt hatten wir beide
nur noch drei Minuten.} Ke8 (23... Bh4 $5) 24. Nc4 (24. Rxg7 $142 Qe6 (24...
Rf7 25. Qg8+ Bf8 26. Nxc3 dxc3 27. Nc4 $16) 25. Rb1 $14) 24... Nxa4 $4 (24...
Nxa1 25. Rxg7 Qe6 (25... Rf7 26. Qg8+ Rf8 27. Qh7 $11) 26. Rxe7+ Qxe7 27. Nd6+
Kd8 28. Nb7+ Ke8 29. Nd6+ $11) (24... Qh1 $4 25. Bd2 $1 Nxa1 26. Bxc3 $18) 25.
Rxg7 Qe6 (25... Rf7 26. Qg6 (26. Qg8+ Kd7 27. Qxf7 Qxf7 28. Rxf7 Nc3 29. Bb2
$16) 26... Bh4+ 27. Kg1 Kf8 28. Rg8+ Ke7 29. Rxa8 Nc3 30. Rxa7+ $18) 26. Ra2
Kd7 (26... Ne3 27. bxa4 Nxc4 28. dxc4 $18) 27. Qh3 $2 (27. Rxc2 Nc3 (27... Rh8
28. Rxe7+ Qxe7 29. e6+ $18) 28. Kf1 $18) 27... Rh8 $4 (27... Ne3 28. bxa4 Nxc4
29. dxc4 Qxc4 30. Re2 Qe6 $13) 28. Qg2 {Switching the attack to the queenside.
Verlegt den Angriff zum Damenflügel.} Rab8 29. bxa4 Ne3 30. Bxe3 dxe3+ 31. Kxe3
{The king is doing a perfect job :) Der König macht seine Sache perfekt :)} Rb3
32. Rc2 Rh4 33. Na5 Rb1 34. Rb2 (34. Nc6 $142) 34... Rh3+ 35. Rg3 (35. Qxh3 {
is also easily winning. gewinnt ebenfalls leicht.}) 35... Rxg3+ 36. hxg3 Re1+
37. Kd2 Ra1 38. Rb7+ Ke8 (38... Kc8 39. Rb8+) 39. Qc6+ Kf7 40. Qxe6+ Kxe6 41.
Nc6 (41. Nc6 Bf8 42. Nd8+ Kd5 43. Rd7+ Bd6 44. Rxd6#) 1-0

[Event "Schwarzach op-A"]
[Site "Schwarzach"]
[Date "1998.08.27"]
[Round "6"]
[White "Blatny, Pavel"]
[Black "Brumen, Dinko"]
[Result "1-0"]
[WhiteElo "2520"]
[BlackElo "2355"]
[Annotator "Balinov,I"]
[PlyCount "57"]
[EventDate "1998.08.30"]
[EventType "swiss"]
[EventRounds "9"]
[EventCountry "AUT"]
[SourceTitle "EXT 2000"]
[Source "ChessBase"]
[SourceDate "1999.11.16"]
[SourceVersion "1"]
[SourceVersionDate "1999.11.16"]
[SourceQuality "1"]

1. Nf3 Nf6 2. b3 d5 3. Bb2 e6 4. g3 Be7 5. Bg2 O-O 6. c4 b6 7. O-O Bb7 8. e3 c5
9. Nc3 dxc4 10. bxc4 Nc6 11. Ne1 Rc8 (11... Qd7 $1) 12. Qe2 Rc7 13. Rd1 Qa8 (
13... Rd7 $5) 14. f4 Rd8 15. g4 Na5 16. f5 Ne4 $2 (16... exf5 17. Rxf5 (17.
gxf5 Rcd7 $15) 17... Re8 $11) 17. Nxe4 Bxe4 18. f6 (18. fxe6 fxe6 19. d3 Bb7
20. Nf3 $14) 18... Bf8 (18... Bxf6 19. Bxf6 gxf6 20. Rxf6 Rcd7 $11 21. d3 $2
Bxg2 22. Nxg2 Nxc4 $17) 19. fxg7 Bxg7 20. Bxg7 Kxg7 21. g5 (21. d3 Bxg2 22.
Nxg2 $16) 21... Bxg2 22. Nxg2 Qe4 (22... Rcd7 23. Nf4 $16) 23. d3 Qe5 24. Qh5
Kf8 25. Rf6 Rdd7 (25... Kg8 26. Rdf1 $40) 26. Rdf1 Nc6 27. Qxh7 Qxg5 28. Rxe6
Re7 29. Rg6 {[#]} 1-0

[Event "Porz op 28th"]
[Site "Cologne"]
[Date "1992.??.??"]
[Round "6"]
[White "Seul, Georg"]
[Black "Auer, Martin"]
[Result "1-0"]
[WhiteElo "2410"]
[BlackElo "2305"]
[Annotator "Bulletin"]
[PlyCount "117"]
[EventDate "1992.??.??"]
[EventType "swiss"]
[EventRounds "9"]
[EventCountry "GER"]
[SourceTitle "TD"]
[Source "ChessBase"]
[SourceDate "1994.03.01"]
[SourceVersion "1"]
[SourceVersionDate "1994.03.01"]
[SourceQuality "1"]

1. g3 Nf6 2. Bg2 d5 3. Nf3 e6 4. O-O Be7 5. b3 O-O 6. Bb2 b6 7. c4 Bb7 8. e3 c5
9. Qe2 Nc6 10. Rd1 dxc4 11. bxc4 Qc7 12. Nc3 Rad8 13. Rac1 Qb8 14. d3 a6 15.
Ba1 Na7 16. Ng5 h6 17. Nge4 b5 18. cxb5 axb5 19. Qb2 b4 20. Qb1 Bxe4 21. Nxe4
Nxe4 22. Bxe4 Nb5 23. Qb3 Rc8 24. Bg2 Rfd8 25. Bb2 Bf6 26. Bxf6 gxf6 27. Qc4
Nc3 28. Rd2 Qa7 29. Bf3 Qa3 30. Rdc2 Na4 31. Qg4+ Kf8 32. Qf4 Qxd3 33. Qxf6 Qg6
34. Qf4 Qg5 35. Qc4 Nc3 36. Kg2 Qe7 37. h4 e5 38. Be4 Rc7 39. Bf5 Qf6 40. Bg4
Qc6+ 41. Kg1 Ra7 42. Rxc3 bxc3 43. Qxc3 Ra4 44. Bd1 Rxa2 45. Qxe5 Kg8 46. Bb3
Rad2 47. Qf4 Qg6 48. e4 R2d6 49. Rxc5 Rf6 50. h5 Qg7 51. Rf5 Rxf5 52. Qxf5 Rf8
53. Kg2 Kh8 54. Kh3 Qc3 55. Bd5 Qa1 $2 (55... Qg7) 56. e5 Qf1+ 57. Bg2 Qa6 58.
Bd5 Qf1+ 59. Kh2 1-0

[Event "DDR-ch 38th"]
[Site "Zittau"]
[Date "1989.02.24"]
[Round "12"]
[White "Teske, Henrik"]
[Black "Gruenberg, Hans Ulrich"]
[Result "0-1"]
[WhiteElo "2400"]
[BlackElo "2475"]
[Annotator "Bulletin"]
[PlyCount "100"]
[EventDate "1989.02.12"]
[EventType "tourn"]
[EventRounds "13"]
[EventCountry "DDR"]
[EventCategory "7"]
[SourceTitle "CBM 012"]
[Source "ChessBase"]
[SourceDate "1989.10.01"]
[SourceVersion "1"]
[SourceVersionDate "1989.10.01"]
[SourceQuality "1"]

1. c4 Nf6 2. Nc3 c5 3. g3 e6 4. Nf3 b6 5. Bg2 Bb7 6. O-O Be7 7. b3 O-O 8. Bb2
d5 9. cxd5 Nxd5 10. Rc1 Na6 11. d4 Rc8 $5 12. Nb5 Nac7 13. Nxc7 Rxc7 14. dxc5
Bxc5 $10 15. Rc4 $6 Ba6 16. Ra4 Bb5 17. Rg4 f5 18. Nd4 $6 (18. Rh4 Rd7 $1 {
>< e2}) 18... fxg4 19. Nxe6 Ne3 $1 (19... Rxf2 20. Rxf2 (20. Nxd8 $2 Rxf1+ 21.
Kxf1 Ne3+ $19) 20... Bxf2+ 21. Kxf2 Rf7+ 22. Kg1 $18) 20. Qxd8 Rxd8 21. fxe3 (
21. Nxc7 Nxf1 22. Nxb5 Ne3 $1 $19) 21... Bxe3+ 22. Kh1 Rcd7 23. Nxd8 Rxd8 $17
24. h3 Bxe2 25. Re1 Rd1 26. Rxd1 Bxd1 27. Bd5+ Kf8 28. Kg2 gxh3+ 29. Kxh3 h5
30. Be5 Bg4+ 31. Kg2 Bc5 32. Bb8 a5 33. Be5 g5 34. Bf6 Be7 35. Bd4 Bc5 36. Bf6
Be7 37. Bd4 Bd8 38. Be5 Ke7 39. Kf2 Kd7 40. Kg2 Bc7 41. Bf6 Bd8 42. Be5 h4 43.
gxh4 gxh4 44. Kf2 Be7 45. Kg2 Bf5 46. Bd4 Kc7 47. Bf2 Bb1 48. a4 Bf5 49. Be1
h3+ 50. Kf3 Bd6 0-1

[Event "British CF-70 Championship"]
[Site "Southport/ Merseyside"]
[Date "1983.08.12"]
[Round "5"]
[White "Hebert, Jean"]
[Black "Large, Peter G"]
[Result "1/2-1/2"]
[WhiteElo "2430"]
[BlackElo "2310"]
[Annotator "Bulletin"]
[PlyCount "124"]
[EventDate "1983.08.08"]
[EventType "swiss"]
[EventRounds "11"]
[EventCountry "ENG"]
[SourceTitle "EXT 1999"]
[Source "ChessBase"]
[SourceDate "1998.11.16"]
[SourceVersion "1"]
[SourceVersionDate "1998.11.16"]
[SourceQuality "1"]

1. c4 e6 2. Nf3 Nf6 3. g3 d5 4. b3 Be7 5. Bg2 O-O 6. O-O c5 7. Bb2 Nc6 8. e3 b6
9. Qe2 Bb7 10. d3 Rc8 11. Nbd2 Rc7 12. Rfd1 Qa8 13. a3 Rd8 14. Rac1 Rcd7 15.
cxd5 Nxd5 16. e4 Nf6 17. Nc4 Rc8 18. h4 Rdd8 19. Bh3 b5 20. Nce5 Nxe5 21. Nxe5
Qb8 22. Nxf7 Kxf7 23. e5 Nd7 24. Qh5+ Kg8 25. Bxe6+ Kh8 26. Bf5 Nf8 27. e6 Rc7
28. Re1 Bd6 29. e7 Bxe7 30. Be5 Bf6 (30... Bd6 31. Bxd6 Rxd6 32. Re8 g6 33. Qe2
$18) 31. Bxc7 Qxc7 32. Bxh7 Bd4 33. Be4+ Kg8 34. Qf3 Bxe4 35. Rxe4 Nh7 36. Rce1
Nf6 37. Re7 Qa5 38. h5 Qd2 39. Qf5 Rf8 40. R1e2 Qd1+ 41. Kg2 Qxb3 42. h6 Qd5+
43. Qxd5+ Nxd5 44. Rd7 Nc3 45. hxg7 Bxg7 46. Ree7 Bf6 47. Re6 a5 48. Rc6 Rf7
49. Rxf7 Kxf7 50. Rxc5 Bd4 51. Rc8 Nb1 52. Kf3 Nxa3 53. Ke4 Bxf2 54. Rc7+ Ke6
55. g4 b4 56. Rb7 Nb1 57. d4 Nd2+ 58. Kd3 Nb3 59. g5 Bxd4 60. Kc4 Nc5 61. Rb5
Be3 62. Rxa5 Ne4 1/2-1/2

[Event "Bugojno"]
[Site "Bugojno"]
[Date "1978.03.16"]
[Round "15"]
[White "Larsen, Bent"]
[Black "Ivkov, Borislav"]
[Result "1-0"]
[WhiteElo "2620"]
[BlackElo "2515"]
[Annotator "Bulletin"]
[PlyCount "87"]
[EventDate "1978.02.27"]
[EventType "tourn"]
[EventRounds "15"]
[EventCountry "YUG"]
[EventCategory "14"]
[SourceTitle "MCL"]
[Source "ChessBase"]
[SourceDate "1999.07.01"]
[SourceVersion "1"]
[SourceVersionDate "1999.07.01"]
[SourceQuality "1"]

1. c4 e6 2. Nf3 d5 3. b3 Nf6 4. Bb2 Be7 5. g3 (5. e3 O-O 6. Nc3 b6 7. cxd5 exd5
8. Be2 c6 9. O-O Re8 10. a3 a5 11. Rc1 Nbd7 12. d3 Bf8 13. Re1 Bb7 14. Bf1 $14
{Larsen-Kurajica, Ljubljana 1977}) 5... O-O 6. Bg2 c5 7. cxd5 Nxd5 8. O-O Bf6
9. Qc1 Nc6 10. Bxf6 Qxf6 11. Nc3 Nxc3 12. Qxc3 Qxc3 13. dxc3 Rd8 14. Rfd1 Bd7
15. Ng5 Be8 16. Ne4 Rxd1+ 17. Rxd1 b6 18. Nd6 Rd8 19. Kf1 Ne7 20. Ke1 Bc6 21.
Bxc6 Nxc6 22. Nc4 Rxd1+ 23. Kxd1 Kf8 24. a4 Ke7 25. Kd2 $10 g5 $6 (25... Kd7 {
/\..Kc7,..a6,..b5}) 26. e4 f5 27. Ke3 Na5 $2 28. Nxa5 bxa5 29. h3 h6 $2 (29...
h5 $5) 30. f3 a6 31. f4 $1 {/\32.fxg5 hxg5 33.h4} gxf4+ (31... g4 32. hxg4 fxg4
33. e5 $1 {/\Ke4, f5 +-}) (31... Kf6 32. e5+ Ke7 33. fxg5 hxg5 34. Kd3 Kd7 35.
Kc4 $18) 32. Kxf4 Kf6 33. exf5 exf5 34. h4 Ke6 35. g4 fxg4 36. Kxg4 Kd5 (36...
Kf6 37. c4 Kg6 38. h5+ Kf6 39. Kf4 $18) 37. Kh5 c4 38. bxc4+ Kxc4 39. Kxh6 Kb3
40. h5 Kxa4 41. Kg5 Kb3 42. h6 a4 43. h7 a3 44. h8=Q 1-0

[Event "Jermuk FIDE GP (Women)"]
[Site "Jermuk"]
[Date "2012.07.28"]
[Round "11"]
[White "Kovalevskaya, Ekaterina"]
[Black "Zhao, Xue"]
[Result "1-0"]
[WhiteElo "2417"]
[BlackElo "2556"]
[Annotator "CB"]
[PlyCount "83"]
[EventDate "2012.07.16"]
[EventType "tourn"]
[EventRounds "11"]
[EventCountry "ARM"]
[EventCategory "11"]
[SourceTitle "CBM 150"]
[Source "ChessBase"]
[SourceDate "2012.09.14"]
[SourceVersion "1"]
[SourceVersionDate "2012.09.14"]
[SourceQuality "1"]

{White scored an impressive victory in this game. While Black was able to exit
the opening phase without problems, in the middlegame the two sides began a
series of sharp moves resulting in a fluctuating assessment of the position on
the board. Despite the difficult-to-gauge nature of the position, it was White
who demonstrated a better reaction to the dynamics at hand. At a critical
stage, Black blundered and White made no mistake in benefitting from the
opportunity.} 1. c4 Nf6 2. Nf3 e6 3. g3 b6 4. Bg2 Bb7 5. O-O c5 6. b3 Be7 7.
Bb2 O-O 8. e3 d5 9. Qe2 Nc6 10. Rd1 dxc4 11. bxc4 Qc7 12. Nc3 a6 13. Rab1 Rab8
14. Ba1 Rfd8 15. d3 Na7 16. Qc2 Bc6 17. Ne2 Nd7 18. Nf4 Qb7 19. Qe2 b5 20. d4
Be4 21. d5 exd5 22. Nxd5 Nb6 23. Nh4 Bxg2 24. Qg4 g6 25. Nxe7+ Qxe7 26. Kxg2
Nxc4 27. Nf5 Qb7+ 28. Kh3 Nd2 29. Qg5 Qe4 30. Nh6+ Kf8 31. Qxc5+ Qe7 32. Qc3
Qe6+ 33. Ng4 Ne4 34. Qb4+ Nd6 35. Kg2 Nc6 ({Necessary was} 35... Qe4+ {and
while true that after the queen exchange White's position would be preferable,
Black could have continued to fight on.}) 36. Qc5 Qxg4 $4 37. Rxd6 Ne7 38. Rbd1
Qe4+ 39. f3 Rxd6 40. Qxd6 Qc2+ 41. Rd2 Qc8 42. Bf6 1-0

[Event "Tata Steel-C 73rd"]
[Site "Wijk aan Zee"]
[Date "2011.01.23"]
[Round "8"]
[White "Van der Werf, Mark"]
[Black "Vocaturo, Daniele"]
[Result "0-1"]
[WhiteElo "2439"]
[BlackElo "2570"]
[Annotator "CB"]
[PlyCount "80"]
[EventDate "2011.01.14"]
[EventType "tourn"]
[EventRounds "13"]
[EventCountry "NED"]
[EventCategory "11"]
[SourceTitle "CBM 141"]
[Source "ChessBase"]
[SourceDate "2011.03.17"]
[SourceVersion "1"]
[SourceVersionDate "2011.03.17"]
[SourceQuality "1"]

1. c4 Nf6 2. g3 e6 3. Bg2 d5 4. Nf3 Be7 5. O-O O-O 6. b3 b6 7. Bb2 Bb7 8. e3 c5
9. Nc3 dxc4 10. bxc4 Qc8 11. Qe2 Rd8 12. d3 Nc6 13. Rfd1 Na5 14. Rab1 Ne8 15.
Ba1 Bf6 16. h4 h6 17. g4 g6 18. g5 hxg5 19. hxg5 Bg7 20. Nh2 Bxg2 21. Kxg2 Qb7+
22. f3 f5 23. gxf6 Nxf6 24. Rg1 Nc6 {#} 25. Nd1 {White has managed to create
genuine threats against Black's king, but goes about the attack wrong now.} ({
The correct plan was} 25. Kh1 {followed by Rg2 and Rbg1.}) 25... Nh5 26. Bxg7
Qxg7 27. Kf1 Rf8 28. Nf2 Rf5 29. Ne4 Raf8 30. Qg2 {#} Ne5 $1 {All that mucking
about has cost White his advantage and now it is his king that has become
vulnerable.} 31. Ke2 Kh8 32. Rgf1 Nc6 33. Kd2 Rd8 34. Rb3 Na5 35. Rc3 {#} Nxc4+
$1 36. Ke2 (36. Rxc4 $2 Qb2+ 37. Rc2 Rxd3+ $1 38. Ke1 (38. Kxd3 Rd5+ 39. Ke2
Qxc2+ 40. Ke1 Rd1#) 38... Rxe3+ 39. Re2 Nf4) 36... Nd6 37. Rc2 Rd5 38. Rg1 {
#Van der Werf completely misses Vocaturo's dastardly intentions.} Rxd3 $3 39.
Kxd3 ({If} 39. Nxd6 {comes the no less spectacular} Rxe3+ $1 40. Kf2 (40. Kxe3
Qd4+ 41. Ke2 Nf4+) 40... Rd3 41. Ne4 Qd4+ 42. Kf1 Rd1+ 43. Ke2 Nf4#) 39...
Nxe4+ 40. Kc4 (40. Ke2 Nhg3+ 41. Ke1 Qa1+) (40. Kxe4 Qb7+ 41. Ke5 Qd5#) 40...
Qd7 {Qa4 or Qb5 lead to mate.} 0-1

[Event "Lopota FIDE GP (Women)"]
[Site "Lopota"]
[Date "2014.06.30"]
[Round "10"]
[White "Zhao, Xue"]
[Black "Danielian, Elina"]
[Result "0-1"]
[WhiteElo "2538"]
[BlackElo "2460"]
[Annotator "CB"]
[PlyCount "108"]
[EventDate "2014.06.19"]
[EventType "tourn"]
[EventRounds "11"]
[EventCountry "GEO"]
[EventCategory "11"]
[SourceTitle "CBM 161 Extra"]
[Source "ChessBase"]
[SourceDate "2014.08.29"]
[SourceVersion "1"]
[SourceVersionDate "2014.08.29"]
[SourceQuality "1"]

{A much more complex game than Koneru-Muminova, but one that strikes a
surprising similarity. Here too the winning side took advantage of a powerful
passed pawn on the queenside to win the game. Black's passed c-pawn kept her
opponent's bishop passive for the entirety of the game, and although the win
was slow in coming the result of the game was never really in question.} 1. c4
Nf6 2. Nf3 e6 3. b3 d5 4. Bb2 c5 5. e3 Nc6 6. g3 Be7 7. Bg2 O-O 8. O-O b6 9.
Nc3 Bb7 10. cxd5 exd5 11. d4 Rc8 12. Bh3 Rb8 13. Rc1 Re8 14. Ne2 (14. dxc5 $1 {
White has to take on c5 at some point.} bxc5 15. Na4 {only White can stand
better here, though Black has her chances.}) 14... c4 $1 15. Nf4 (15. bxc4 $6
dxc4 16. Rxc4 $2 Na5 $19) 15... b5 16. Ne5 Bd6 17. Ng4 Bxf4 18. gxf4 Nxg4 19.
Bxg4 Bc8 20. bxc4 bxc4 21. Bc3 Ne7 22. Kh1 Nf5 23. Rg1 Nd6 24. Bf3 Ne4 25. Bxe4
Rxe4 26. Qh5 g6 27. Rg5 Bf5 28. Rcg1 Kh8 29. Qh6 Qf8 30. Qxf8+ Rxf8 31. Ra1 Re6
32. Kg2 Rb8 33. Kf3 Ra6 34. Rgg1 Ra3 35. Rgc1 Rb6 36. Kg3 Kg7 37. h3 Be4 38. h4
Rba6 39. Bb2 Rxa2 40. Bc3 Kf6 41. Rxa2 Rxa2 42. Ra1 Rxa1 43. Bxa1 Ke6 44. f3
Bd3 45. Kf2 Kd6 46. Ke1 Kc6 47. Kd2 Kb5 48. Kc3 Be2 49. e4 Bxf3 50. exd5 Bxd5
51. Bb2 a5 52. Ba3 Kc6 53. Bc5 Be6 54. Be7 Kd5 0-1

[Event "Buenos Aires"]
[Site "Buenos Aires"]
[Date "1980.??.??"]
[Round "?"]
[White "Quinteros, Miguel Angel"]
[Black "Timman, Jan H"]
[Result "1/2-1/2"]
[WhiteElo "2515"]
[BlackElo "2600"]
[Annotator "Chekhov,V"]
[PlyCount "80"]
[EventDate "1980.10.15"]
[EventType "tourn"]
[EventRounds "13"]
[EventCountry "ARG"]
[EventCategory "13"]
[SourceTitle "MCL"]
[Source "ChessBase"]
[SourceDate "1999.07.01"]
[SourceVersion "1"]
[SourceVersionDate "1999.07.01"]
[SourceQuality "1"]

1. Nf3 Nf6 2. c4 b6 3. g3 Bb7 4. Bg2 e6 5. O-O Be7 6. d3 d5 7. b3 O-O 8. Bb2 c5
9. e3 Nc6 10. Qe2 Re8 (10... Rc8 11. Rd1 Rc7 12. Nc3 Rd7 13. cxd5 Nxd5 14. Nxd5
Rxd5 15. d4 Rd7 16. dxc5 Bxc5 $14 {Liberzon,V-Langeweg,K/Amsterdam/1969/}) 11.
Rd1 Rc8 (11... Bf8 {/\ e5} 12. Ne5 $1) 12. Nc3 Rc7 13. d4 (13. cxd5 $5 exd5 14.
d4 cxd4 15. Nxd4 Nxd4 16. Rxd4) 13... cxd4 14. Nxd4 Nxd4 15. Rxd4 Bc5 16. Rdd1
(16. Rd2 $5 Rd7 17. cxd5 Nxd5 18. Nxd5 Bxd5 19. Bxd5 Rxd5 20. Rad1 $14) 16...
Rd7 17. cxd5 Nxd5 18. Nxd5 Bxd5 19. Bxd5 Rxd5 20. Rxd5 Qxd5 21. Rd1 Qe4 $10 22.
Rd7 $5 (22. Bd4 Ba3 {/\ e5}) 22... Qb1+ (22... a5 23. Qh5 Qg6 24. Qf3 {/\ Kg2})
23. Kg2 Qxa2 24. Qf3 Rf8 25. Be5 Qc2 (25... Qxb3 $2 26. Qg4 g6 27. Qh4 {/\ Qf6}
) 26. Qg4 Qg6 27. Qxg6 hxg6 28. Rxa7 Rd8 29. Rb7 Rd2 30. Bd4 $10 Bxd4 31. exd4
Rxd4 32. Rb8+ Kh7 33. Rxb6 g5 34. Kf3 Kg6 35. Ke2 g4 36. Rc6 Kf5 (36... Rb4 37.
Rc4 Rxb3 38. Rxg4+ $10) 37. Rc7 f6 38. Rxg7 Rb4 39. h4 gxh3 40. Rh7 Rxb3
1/2-1/2

[Event "Buenos Aires"]
[Site "Buenos Aires"]
[Date "1980.??.??"]
[Round "?"]
[White "Quinteros, Miguel Angel"]
[Black "Balashov, Yuri S"]
[Result "1/2-1/2"]
[WhiteElo "2515"]
[BlackElo "2600"]
[Annotator "Chekhov,V"]
[PlyCount "135"]
[EventDate "1980.10.15"]
[EventType "tourn"]
[EventRounds "13"]
[EventCountry "ARG"]
[EventCategory "13"]
[SourceTitle "MCL"]
[Source "ChessBase"]
[SourceDate "1999.07.01"]
[SourceVersion "1"]
[SourceVersionDate "1999.07.01"]
[SourceQuality "1"]

1. Nf3 Nf6 2. c4 e6 3. g3 d5 4. Bg2 Be7 5. O-O O-O 6. b3 c5 7. e3 Nc6 8. Bb2
Bd7 9. Qe2 Qa5 $5 (9... Re8 10. Rd1 Qa5 11. Nc3 (11. d3 Rad8 12. Nbd2 Bc8 13.
cxd5 exd5 14. d4 Ne4 $10 {Polugaevsky,L-Spassky,B/Tallinn/1973/}) 11... Rad8
12. d4 Ne4 (12... cxd4 $5 13. exd4 Ba3) 13. Rac1 cxd4 14. exd4 Nxc3 15. Bxc3
Qa6 16. Bf1 $14 {Andersson,U-Nei,I/Tallinn/1973/}) 10. Rd1 Rfd8 11. Nc3 Rac8
12. d3 a6 13. Nh4 $6 (13. cxd5 exd5 14. e4 (14. d4 Bg4 $1) 14... Be6 (14... d4
15. Nd5 $1)) (13. e4 $5 d4 14. Nb1 e5 15. a4 {/\ Na3,Nd2}) 13... d4 14. Nb1 b5
15. Nd2 (15. exd4 cxd4 {/\ bc,e5}) 15... Qc7 16. e4 Ne8 17. Rf1 bxc4 (17...
Bxh4 18. gxh4 Qf4 19. Nf3 {/\ Rae1,Bc1}) 18. Nxc4 Nd6 19. Nxd6 (19. f4 Nxc4 20.
bxc4 Bxh4 (20... Rb8) 21. gxh4 e5 22. Bc1) 19... Qxd6 20. Nf3 (20. f4 Bxh4 21.
gxh4 (21. e5 Qe7 22. gxh4 Qxh4) 21... e5 22. f5 f6 23. Rac1 a5 {/\ a4}) 20...
Ne5 21. Nd2 (21. Nxe5 Qxe5 22. f4 Qb8 {/\ a5-a4}) 21... Bb5 22. Nc4 Nxc4 23.
bxc4 Bd7 (23... Ba4 $5) 24. Rfb1 (24. f4 $5 {/\ Rf2,Raf1,f5}) 24... Rb8 25. Bc1
Ba4 $1 26. Rb2 $6 (26. Qd2 {/\ Qa5} Qc7 27. Bf3 {/\ Bd1}) 26... Rxb2 27. Qxb2
Rb8 28. Qa3 Bd7 29. Bd2 Qb6 $15 30. Kf1 (30. Bf3 $5 {/\ Bd1-a4}) 30... Bd8 31.
Bf3 a5 32. Bd1 a4 $1 $17 33. Ke1 (33. Bxa4 Ra8) 33... f5 34. f3 Qb2 35. Qxb2
Rxb2 36. a3 e5 37. exf5 h5 38. h4 (38. g4 hxg4 39. fxg4 Bh4+ 40. Ke2 g6) 38...
Bc7 39. Be2 (39. g4 hxg4 40. fxg4 e4 41. dxe4 Bg3+ 42. Ke2 Bf4) 39... Bxf5 40.
Kd1 Bc8 $6 (40... Rb3 $5 41. Kc2 Kh7 $17) 41. Kc1 Rb3 42. Rb1 $1 Rxa3 43. Rb5
Ra1+ (43... Bd6 44. Kb2 $1 Rb3+ 45. Rxb3 axb3 46. Kxb3 $10) 44. Kb2 Rg1 45.
Rxc5 Rg2 46. Rxc7 Bf5 47. Ka3 Rxe2 48. Bg5 Bxd3 49. Kxa4 Rc2 (49... Rf2 50. Rc5
Rxf3 51. Rxe5 Bxc4 52. Re4 Rd3 53. Kb4 Bd5 54. Re8+ Kf7 55. Rd8 Ke6 (55... Bg2
56. Kc5 Rxg3 57. Kxd4) 56. Kc5) 50. Rc5 (50. c5 Be2 {/\ d3,Bf3}) 50... Rxc4+
51. Rxc4 Bxc4 52. Kb4 Be2 53. Kc5 $1 Bxf3 54. Kd6 e4 55. Ke5 d3 56. Bd2 $10 Kf7
57. Bg5 Ke8 58. Kd6 g6 59. Bd2 Kd8 60. Bg5+ Kc8 61. Bf4 Kb7 62. Kc5 Bg2 63. Bd2
Kc7 64. Bf4+ Kd7 65. Bd2 Ke6 66. Kd4 Kf5 67. Ke3 Ke5 (67... Kg4 68. Kf2 $10)
68. Bc1 1/2-1/2